UBT Library

The final touch : (Record no. 42267)

000 -LEADER
fixed length control field 00637cam a2200217 a 4500
001 - CONTROL NUMBER
control field 1387303
005 - DATE AND TIME OF LATEST TRANSACTION
control field 20180209073649.0
008 - FIXED-LENGTH DATA ELEMENTS--GENERAL INFORMATION
fixed length control field 820119s1982 maua 001 0 eng
010 ## - LIBRARY OF CONGRESS CONTROL NUMBER
LC control number 82001124
020 ## - INTERNATIONAL STANDARD BOOK NUMBER
International Standard Book Number 084362258X (hard) :
Terms of availability $19.95
020 ## - INTERNATIONAL STANDARD BOOK NUMBER
International Standard Book Number 0843622601 (pbk.) :
Terms of availability $12.95
040 ## - CATALOGING SOURCE
Original cataloging agency DLC
Transcribing agency DLC
Modifying agency DLC
041 ## - LANGUAGE CODE
Language code of text/sound track or separate title eng
080 ## - UNIVERSAL DECIMAL CLASSIFICATION NUMBER
Universal Decimal Classification number 745.924 mar
082 00 - DEWEY DECIMAL CLASSIFICATION NUMBER
Classification number 745.924 mar
Edition number 19
100 1# - Rafti
Rafti 9.
101 ## - Shkurtesa
Shkurtesa mje
245 14 - TITLE STATEMENT
Title The final touch :
Statement of responsibility, etc Margo Kokko ; [illustrator, Buzz Gorder ; photographer, Bruce Beauchamp].
906 ## - LOCAL DATA ELEMENT F, LDF (RLIN)
a 7
b cbc
c orignew
d 1
e ocip
f 19
g y-gencatlg
942 ## - ADDED ENTRY ELEMENTS (KOHA)
Source of classification or shelving scheme
Item type Books
Holdings
Withdrawn status Lost status Source of classification or shelving scheme Damaged status Not for loan Collection code Permanent location Current location Shelving location Date acquired Total Checkouts Full call number Barcode Date last seen Price effective from Koha item type
          Koleksioni i përgjithshem UBT - Lipjan UBT - Lipjan Koleksioni i përgjithshem 02/09/2018   745.924 mar 002-2999146` 02/09/2018 02/09/2018 Books
          Koleksioni i përgjithshem UBT - Lipjan UBT - Lipjan Koleksioni i përgjithshem 02/09/2018   745.924 mar 002-2999151 02/09/2018 02/09/2018 Books
UBT Library © 2015-2024. All rights reserved University Education for Business and Technology